| 000 | 01724nam a2200181 i 4500 | ||
|---|---|---|---|
| 001 | 170434 | ||
| 003 | ES-MaACL | ||
| 005 | 20250806045157.0 | ||
| 008 | 090305s19091912sp |||| | spa d | ||
| 110 | 2 |
_aReal Academia de Medicina de Madrid _96318 |
|
| 245 | 1 | 0 |
_aDiscursos pronunciados en la Real Academia de Medicina de Madrid _b: 1909-1912. |
| 260 |
_aMadrid : _b[s.n.], _c1909 ( _eMadrid : _fImp. Hijos de J. A. García) |
||
| 300 |
_a1 v. ; _c27 cm. |
||
| 505 | 8 | _aContiene: Algunas consideraciones dentro del círculo de la Terapéutica y la Farmacología / José Grinda y Forner (50 p.). Discurso.../ Julián Calleja y Sánchez (p. 51-66). El médico en sociedad / Simón Hergueta y Martín (36 p.). Resumen de la historia y tareas desempeñadas por la Academia en el año de 1909 / Manuel Iglesias y Díaz (38 p.). La lucha contra la vejez / Amalio Gimeno Cabañas (160 p.). Discuros.../ Ángel Pulido Fernández (p. 161-191). Naturaleza de las miopatías primitivas progresivas / Francisco Criado y Aguilar (89 p.). Procedimientos para depurar y esterilizar las aguas destinadas a la alimentación de las grandes urbes / Eugenio Piñerúa Álvarez (41 p.). Discurso.../ Julián Calleja y Sánchez (p. 43-60). Morfología socialista / Federico Olóriz y Aguilera (46 p.). La vacuna anticolérica / César Chicote y Riego (47 p.). De la influencia del genio latino en el carácter actual de la Medicina, reflejado principalmente en el diagnóstico y en la terapéutica / Antonio Espina y Capo (120 p.). Resumen de la historia y las tareas desempeñadas por la Academia en el año de 1911 / Manuel Iglesias y Díaz (43 p.). | |
| 852 |
_aES-MaACL _9177075 _jK-111 |
||
| 942 | _2udc | ||
| 999 |
_c170434 _d170434 |
||